02220nam a2200229 4500001000800000005001700008007000300025008004100028040000800069041000800077100008600085245012200171300002200293520138400315650003901699650002901738650003101767650001801798773012601816942003101942999001701973ESSALUD20260701154102.0ta t pe ||||| |||| 00| 0 spa d aBMG aspa aCorte Suprema de Justicia de la República. Sala Civil TransitoriaeAutor953076 aResponsabilidad civil extracontractual: Criterio de imputación para la Sunarp es objetivo por error del registrador apáginas 132-149 aEn tanto que el caso de autos se encuentra sustentado en responsabilidad civil extracontractual por error registra!, el criterio de imputación para la entidad recurrente es objetivo, porque esta responde por una persona dependiente en ejercicio de sus funciones, de conformidad con el artículo 1981 del Código Civil, esto es, por el error en que haya incurrido el registrador público por acción u omisión de sus funciones A ello debe agregarse que en autos no se ha demostrado que el dependiente de la entidad recurrente haya actuado diligentemente, ya que la carga de la prueba por dolo o culpa corresponde a su autor de conformidad con el artículo 1969 del Código Civil, es decir, se invierte la carga de la prueba a cargo de su autor, en este caso, correspondía a la entidad recurrente controlar que su dependiente actúe diligentemente en el ejercicio de sus funciones (de haberlo probado, consecuentemente la entidad tampoco tendría responsabilidad indirecta), lo cual no fue así tal como lo han desarrollado las instancias de mérito, en tanto que la propia Superintendencia Nacional de Registros Públicos admitió que el registrador, ante la desmembración del inmueble, debió realizar las anotaciones marginales donde corre extendida la independización y extender un asiento de reducción en la partida del inmueble, lo cual no ocurrió. aINDEMNIZACIÓN POR DAÑOS953077 aREGISTROS PUBLICOS94244 aDAÑO PATRIMONIAL 953070 aSUNARP9530780 022573922621dLima Grupo Praxis Formación Profesional, 2026-oPRA002tPraxis Civil & Procesal CivilwESSALUDx3119-7671 cARTICULOSe2026-07-01zsqb c22603d22603